<?xml version="1.0" encoding="UTF-8"?>
<record
    xmlns:xsi="http://www.w3.org/2001/XMLSchema-instance"
    xsi:schemaLocation="http://www.loc.gov/MARC21/slim http://www.loc.gov/standards/marcxml/schema/MARC21slim.xsd"
    xmlns="http://www.loc.gov/MARC21/slim">

  <leader>01341nam a2200349 i 4500</leader>
  <controlfield tag="001">9009</controlfield>
  <controlfield tag="005">20250801162556.0</controlfield>
  <controlfield tag="007">ta</controlfield>
  <controlfield tag="008">201118s2018    ck abo er     000 0dspa d</controlfield>
  <datafield tag="020" ind1=" " ind2=" ">
    <subfield code="a">9789588852546</subfield>
  </datafield>
  <datafield tag="040" ind1=" " ind2=" ">
    <subfield code="a">CO-BoRNBP</subfield>
    <subfield code="b">spa</subfield>
    <subfield code="e">rda</subfield>
    <subfield code="c">CO-BoRNBP</subfield>
  </datafield>
  <datafield tag="041" ind1="0" ind2=" ">
    <subfield code="a">spa</subfield>
  </datafield>
  <datafield tag="082" ind1="0" ind2="4">
    <subfield code="a">739.22</subfield>
    <subfield code="b">F14l</subfield>
    <subfield code="2">22</subfield>
  </datafield>
  <datafield tag="100" ind1="1" ind2=" ">
    <subfield code="a">Falchetti de S&#xE1;enz, Ana Mar&#xED;a</subfield>
    <subfield code="e">autora</subfield>
    <subfield code="9">61871</subfield>
  </datafield>
  <datafield tag="245" ind1="1" ind2="3">
    <subfield code="a">Lo humano y lo divino </subfield>
    <subfield code="b">metalurgia y cosmogon&#xED;a en la Am&#xE9;rica antigua</subfield>
    <subfield code="c">Ana Mar&#xED;a Falchetti </subfield>
  </datafield>
  <datafield tag="250" ind1=" " ind2=" ">
    <subfield code="a">Primera edici&#xF3;n</subfield>
  </datafield>
  <datafield tag="264" ind1=" " ind2="1">
    <subfield code="a">Bogot&#xE1;</subfield>
    <subfield code="b">Instituto Colombiano de Antropolog&#xED;a e HistoriaI</subfield>
    <subfield code="b">Universidad de los Andes </subfield>
    <subfield code="c">2018</subfield>
  </datafield>
  <datafield tag="300" ind1=" " ind2=" ">
    <subfield code="a">318 p&#xE1;ginas</subfield>
    <subfield code="b">ilustraciones, fotograf&#xED;as, mapas</subfield>
    <subfield code="c">24 cm </subfield>
  </datafield>
  <datafield tag="336" ind1=" " ind2=" ">
    <subfield code="2">rdacontent</subfield>
    <subfield code="a">texto</subfield>
    <subfield code="b">txt</subfield>
  </datafield>
  <datafield tag="337" ind1=" " ind2=" ">
    <subfield code="2">rdamedia</subfield>
    <subfield code="a">sin mediaci&#xF3;n</subfield>
    <subfield code="b">n</subfield>
  </datafield>
  <datafield tag="338" ind1=" " ind2=" ">
    <subfield code="2">rdacarrier</subfield>
    <subfield code="a">volumen</subfield>
    <subfield code="b">nc</subfield>
  </datafield>
  <datafield tag="490" ind1="0" ind2=" ">
    <subfield code="a">Arqueolog&#xED;a y Patrimonio </subfield>
  </datafield>
  <datafield tag="521" ind1=" " ind2=" ">
    <subfield code="a">Recomendado para p&#xFA;blico adulto</subfield>
  </datafield>
  <datafield tag="545" ind1=" " ind2=" ">
    <subfield code="a">Incluye datos biogr&#xE1;ficos de la autora en la solapa</subfield>
  </datafield>
  <datafield tag="650" ind1="1" ind2="7">
    <subfield code="2">LEMB</subfield>
    <subfield code="a">Metalurgia</subfield>
    <subfield code="x">Historia</subfield>
    <subfield code="z">Am&#xE9;rica</subfield>
    <subfield code="9">61872</subfield>
  </datafield>
  <datafield tag="650" ind1="1" ind2="7">
    <subfield code="2">LEMB</subfield>
    <subfield code="a">Orfebrer&#xED;a</subfield>
    <subfield code="x">Historia</subfield>
    <subfield code="z">Am&#xE9;rica</subfield>
    <subfield code="9">61873</subfield>
  </datafield>
  <datafield tag="650" ind1="1" ind2="7">
    <subfield code="2">LEMB</subfield>
    <subfield code="a">Arte y mitolog&#xED;a</subfield>
    <subfield code="x">Historia</subfield>
    <subfield code="z">Am&#xE9;rica</subfield>
    <subfield code="9">61874</subfield>
  </datafield>
  <datafield tag="650" ind1="1" ind2="7">
    <subfield code="2">LEMB</subfield>
    <subfield code="a">Im&#xE1;genes e &#xED;dolos</subfield>
    <subfield code="x">Historia</subfield>
    <subfield code="z">Am&#xE9;rica</subfield>
    <subfield code="9">61875</subfield>
  </datafield>
  <datafield tag="650" ind1="1" ind2="7">
    <subfield code="2">LEMB</subfield>
    <subfield code="a">Mitolog&#xED;a ind&#xED;gena</subfield>
    <subfield code="x">Historia</subfield>
    <subfield code="z">Am&#xE9;rica</subfield>
    <subfield code="9">61876</subfield>
  </datafield>
  <datafield tag="942" ind1=" " ind2=" ">
    <subfield code="2">ddc</subfield>
    <subfield code="c">BK</subfield>
  </datafield>
  <datafield tag="999" ind1=" " ind2=" ">
    <subfield code="c">9009</subfield>
    <subfield code="d">9009</subfield>
  </datafield>
</record>
